000
00316nam a22001337a 4500
008
170912b xxu||||| |||| 00| 0 eng d
020
_a
9780801666896
041
_a
eng
080
_2
2ND
_a
53
100
_a
43
101
_a
FIZ
245
_a
FLUIDS, ELECTROLYTES, AND ACID-BASE BALANCE
_c
HORNE,M.M
942
_2
udc
_c
BK
999
_c
27356
_d
27356